|
|
|
|
| LEADER |
00000nab a2200000 a 4500 |
| 001 |
vtls000179256 |
| 003 |
SK-MaSNL |
| 005 |
20260303212017.0 |
| 008 |
160201c1983 xo 0 cze |
| 015 |
|
|
|a SNBRA19rr/mm-uuuuu
|
| 035 |
|
|
|a CL0189369
|
| 040 |
|
|
|a SNKBUCL
|b slo
|c SNKBUCL
|e AACR2
|
| 041 |
0 |
|
|a cze
|
| 044 |
|
|
|a xo
|c SK
|
| 080 |
|
|
|a 629.4.027.4
|2 1981
|
| 080 |
|
|
|a 629.4.03
|2 1981
|
| 100 |
1 |
|
|a Čáp, Jaroslav,
|d 1935-
|4 aut
|9 236936
|
| 245 |
1 |
0 |
|a Podmínky pevné a volné vazby kola ve styku s kolejnicí. 2. část
|c Jaroslav Čáp
|
| 300 |
|
|
|b Obr. 4. Tb. 1. Grafy 4. Res. čes., rus., nem., angl., lit. 3 zázn. v češ., nem.
|
| 650 |
0 |
7 |
|a vozidlá železničné trakčné
|2 snkbucl
|9 1244376
|
| 655 |
|
7 |
|a články zo zborníkov
|2 snkbucl
|9 166140
|
| 773 |
0 |
|
|t Práce a štúdie Vysokej školy dopravnej v Žiline. Séria strojnícka. Zv. 6
|d Bratislava : Alfa, 1983
|g S. 39-47
|
| 850 |
|
|
|a Slovenská národná knižnica v Martine
|a MTA001
|
| 852 |
|
|
|a SNK
|b KIS3GCP
|
| 958 |
|
|
|a RK
|
| 958 |
|
|
|a CZ
|
| 992 |
|
|
|a RZB
|
| 999 |
|
|
|c 2205099
|d 2207029
|